| 000 | 00363 a2200157 4500 | ||
|---|---|---|---|
| 001 | 156354 | ||
| 020 | _a851604274X | ||
| 040 | _cEscola São Tomás de Aquino | ||
| 100 | _aQUEIRÓS, Bartolomeu Campos | ||
| 240 | 1 | 0 |
_aDe letra em letra _lpor |
| 245 | 1 | 0 | _aDe letra em letra |
| 300 | _a31 | ||
| 362 | 0 | _a2004 | |
| 697 | _a*LITERATURA INFANTIL | ||
| 942 | _cBK | ||
| 999 |
_c156354 _d156354 |
||